1354 1477 1144 1084 1503 1950 1515 1573 1000 1309 1836 1874 1000 1993 1917 1949 1164 1695 1591 1953 1968 1622 1218 1634 1467 1982 1217 1153 1029 1918 1742 1216 1291 1215 1691 1976 1070 1140 1792 1508 1718 1561 1345 1152 1860 1321 1937 1508 1450 1109 1891 1799 1683 1250 1714 1732 1247 1366 1007 1968 1589 1469 1827 1753 1700 1417 1947 1552 1155 1103 1559 1300 1128 1399 1185 1003 1656 1300 1449 1759 1914 1740 1392 1491 1093 1416 1429 1459 1383 1695 1224 1343 1170 1362 1696 1769 1298 1471 1800 BCNSPRNW ULIB Ver.6.0+V

เปลี่ยนเป็นภาษาไทย

Change to English
 แสดงรายละเอียดบรรณานุกรม
  กลับหน้าหลัก

Brief Record : Get Marc (ISO 2709) : E-mail record : QR code < ปิดหน้าต่าง
LEADER : 00000nam 2200000uu 4500
001    13399111881
003     ULIB
008    110627s2551||||th 000 0 tha d
020    9789740415664
090    นว.^bก879ส 2551
100 0  แก่นฝัน
245 00 สืบลับกับดักรัก/^cแก่นฝัน
250    พิมพ์ครั้งที่ 1
260    กรุงเทพฯ :^bอมรินทร์ บุ๊ค เซ็นเตอร์,^c2551
300    318 หน้า
945    ^p219^l0^i023596
995    ทศพร
999 ^a ใช้งานได้ทุกระบบ
รายการนี้ยังไม่มีแท็ก
คุณยังไม่ได้ล็อกอิน คุณสามารถมีกิจกรรมร่วมกับเว็บไซต์ได้ แต่ต้องล็อกอินก่อน ::
  ล็อกอิน

รายการสื่อสารสนเทศ

ลำดับที่ ประเภท เลขเรียก/บาร์โค้ด สถานที่ สถานะ
- ไม่พบข้อมูล -

รายการใกล้เคียง
    ผู้แต่ง [แก่นฝัน]

BibComment


ยังไม่เคยถูกคอมเมนท์

คอมเมนท์ทรัพยากรรายการนี้
  คอมเมนท์: สืบลับกับดักรัก แ..


 Copyright 2026. Bcnsprnw @Library